000 00808cam a2200193 4500
001 D6167
008 090401t1984 xxu||||| |||| 00| 0 eng d
035 _a(Sirsi) u88329
041 _aeng
050 _a692.8
110 _aJoint Contracts Tribunal
_93664
245 _aJCT intermediate form of building contract IFC 84: fluctuations clauses and formula rules (Supp IFC 84)
260 _aLondon
_bRIBA Publications for JCT
_c1984
300 _a26p. 30cm
350 _a0
520 _aFiled in box JCT 1984/2 ABC A - Archives, B - Reference, C - Loan, Contents: Supplemental condition C: contribution, levy and tax fluctuations referred to in clause 4.9 (a): supplemental condition D: use of price adjustment formulae 4.9 (b): formula rules referred to in clause D1
942 _n0
948 _c04/03/1997
999 _c97331
_d97331